| 000 | 00985nam a2200277 c 4500 | ||
|---|---|---|---|
| 001 | 14646 | ||
| 003 | ES-MaCES | ||
| 005 | 20190826135632.0 | ||
| 008 | 030225s2002 sp a t 000 | spa d | ||
| 035 | _aCES20030001775m | ||
| 040 |
_aES-MaCES _bspa _cES-MaCES |
||
| 110 | 2 |
_aFundación Estatal para la Prevención de Riesgos Laborales _93881 |
|
| 245 | 1 | 0 |
_aMemoria del ejercicio 2001 _cFundación para la Prevención de Riesgos Laborales |
| 260 |
_a[Madrid] _bFUNPRL _c[2002] |
||
| 300 |
_a27 p. _bil. col. _c30 cm |
||
| 541 | _cGratuito | ||
| 610 | 2 | 7 |
_aFundación Estatal para la Prevención de Riesgos Laborales _2 _93881 |
| 650 | 4 |
_amemoria anual _928977 |
|
| 650 | 4 |
_ainforme de actividades _928984 |
|
| 650 | 4 |
_a2001 _931582 |
|
| 653 | 1 | 0 | _aOrganizaciones |
| 787 | 0 |
_tMemoria del ejercicio 2000 / Fundación para la Prevención de Riesgos Laborales _w(ES-MaCES)14645 |
|
| 902 | _aLIB Libro | ||
| 942 |
_2CES _cBK _h6.3. |
||
| 999 |
_c14646 _d14646 |
||